期刊信息 |
| 索取号 |
K91/S601
|
| 题名 |
世界知识画报·A版(02-149)
|
| 作者 |
世界知识出版社主办
|
| 分册号 |
|
| 分册名 |
|
| 出版地 |
北京
|
| 出版者 |
世界知识出版社
|
| 标准刊号 |
1003-028X
|
| 出版频率 |
月刊
|
| 中图法分类 |
Z2-66
|
| 主题词 |
地理 世界
|
| 电子资源 | |
| |
|
| 000 | 00672nas0 2200229 45 | |
| 001 | 0161554482 | |
| 005 | 20100927142803.31 | |
| 011 | @a1003-028X@dCNY11.00 | |
| 091 | @aCN11-1503 | |
| 092 | @aCN@b02-149 | |
| 100 | @a20010830d km y0chiy0120 ea | |
| 101 | 0 | @achi |
| 102 | @aCN@b110000 | |
| 200 | 1 | @a世界知识画报·A版(02-149)@AShi Jie Zhi Shi Hua Bao·A Ban(02-149)@f世界知识出版社主办@FShi Jie Zhi Shi Chu Ban She Zhu Ban |
| 210 | @a北京@c世界知识出版社 | |
| 326 | @a月刊 | |
| 606 | 0 | @a地理@x世界 |
| 690 | @aZ2-66@v3 | |
| 690 | @aK91@v4 | |
| 711 | 0 | @a世界知识出版社主办@AShi Jie Zhi Shi Chu Ban She Zhu Ban |
| 801 | 0 | @aCN@bPFT@c20100927 |
| 905 | @dK91@eS601 | |
| 世界知识画报·A版(02-149)/世界知识出版社主办.-北京:世界知识出版社 |
| ISSN 1003-028X:CNY11.00 |
| ● |
| 相关链接: |
|
|
|